00967nam a2200253 a 450000100060000000300080000600500170001400800410003103500200007204000360009204100080012808200300013610000450016624500490021126000760026030000210033650400500035761000450040765100530045283000330050594200120053899900170055095201460056741912BD-RjUL20211209053453.0160607s1956 enk b 001 0 eng u a(BD-RjUL) 42030 aWSUdm.cdBD-RjULbengcBD-RjUL aeng 223a325.3106141bJEC 19561 aJeffries, Charles Joseph,d1896-912879514aThe Colonial Office /cSir Charles Jeffries. aLondon ;aNew York :bOxford University Press ;bAllen and Unwin,c1956 a222 p. ;c22 cm. aBibliographical note: p. 216. Includes index.10aGreat Britain.bColonial Office.9128796 0aGreat BritainxColoniesxAdministration.9128308 0aNew Whitehall series9128797 2ddccBK c41912d41912 00102ddc40708NFICaRUCLbRUCLcStackd1956-09-12ePak American g12.30l0o325.3106141 JEC 1956r2016-06-07 00:00:00tC-2w2016-06-07yBK